000 00286nam a22001337a 4500
008 170424b xxu||||| |||| 00| 0 eng d
020 _a2900471193509
041 _aeng
080 _23RD
_a577
100 _a12
101 _aSHM
245 _aBIOCHEMISTRY
_cVOET, J.G
942 _2udc
_cBK
999 _c11676
_d11676